|
|
|
|
| LEADER |
00864cam a2200229 a 4500 |
| 001 |
0000063440 |
| 005 |
20120120090000.0 |
| 040 |
|
|
|a mod
|
| 041 |
|
|
|a eng
|
| 020 |
0 |
0 |
|a 158574283X
|
| 090 |
0 |
0 |
|a 356.1674
|b WHI
|e 2001
|
| 100 |
1 |
0 |
|a White
|h Terry
|
| 245 |
1 |
4 |
|a The SAS fighting techniques handbook
|c Terry White
|
| 250 |
0 |
0 |
|a First Lyons Press Edition
|
| 260 |
0 |
0 |
|a New York
|b The Lyons Press
|c 2001
|
| 300 |
0 |
0 |
|a 416 p.
|b ill.
|c 25 cm
|
| 500 |
0 |
0 |
|a Originally published: Fighting skills of the SAS and special forces. London : Robinson Pub., 1997.
|
| 650 |
0 |
0 |
|a Special forces (Military science)
|x Handbook, manual, etc
|
| 651 |
0 |
0 |
|a Great Britain
|x Army
|x Special Air Service.
|
| 852 |
0 |
0 |
|a 01
|
| 999 |
|
|
|a 0208872
|b KEMENTAH
|d BOOKS
|e Rujukan
|f Perpustakaan KEMENTAH
|j AVAILABLE
|q GOOD CONDITION
|
| 999 |
|
|
|a 0209724
|b KEMENTAH
|d BOOKS
|e Umum
|f Perpustakaan KEMENTAH
|j AVAILABLE
|q GOOD CONDITION
|